MDQL
is popping MORE tags! Check the
thread
!
Quizzes
Events
Quiz Creation
Community
Videos
Private Events
Remove Ads
Sign In
Join for FREE
Feedback
Dark Mode
Quiz Categories
Sports
Geography
Music
Movies
Television
Just For Fun
Miscellaneous
History
Literature
Language
Science
Gaming
Entertainment
Religion
Holiday
For Kids
Quiz Lab
Recent
Popular Today
Quiz Kudos Today
Editor Picks
Curator Picks
Quizzes by...
Day
Popularity
Type
Ratings
Length
Year
Community
Subscriptions
Recent Discussions
Orange Saloon
Badges
Playlists
Quests
Create
Leaderboards
Showdown
Live 5
Trivia Bingo
Activity
Puzzle Library
Sporcle Events
Private Events
Virtual Trivia
Globe League
Become a Host
Pub Owners
SporcleCon
Opinionation
Our Games
Videos
Blog
Mobile Apps
Partnerships
Remove Ads and Go Orange
Feedback
Sports
Athletes
MLB
NBA
NHL
NFL
Soccer
Sports Teams
WWE
NCAA
Football
Premier League
Basketball
Baseball
Hockey
Golf
Tennis
Cricket
Rugby
Auto Racing
Olympics
World Cup
Sports
Athletes
MLB
NBA
NHL
NFL
Soccer
Sports Teams
WWE
NCAA
Football
Premier League
Basketball
Baseball
Hockey
Golf
Tennis
Cricket
Rugby
Auto Racing
Olympics
World Cup
Random Quiz
Search Sporcle
×
Quiz Lab
Quiz Lab
Sports
Soccer
Type in answers that appear in a list
Type in answers that appear in a list
Classic
Best Score? Go Orange.
Hamburger SV coaches Stats
Can you name the coaches of the Hamburger SV in the german Bundesliga since 1963?
By
MrBrain
7m
39 Questions
159 Plays
159 Plays
159 Plays
Comments
Comments
Give Quiz Kudos
Give Quiz Kudos
-
- Ratings
hide this ad
More Info
Replay
Link that replays current quiz
Next Quiz
Link to next quiz in quiz playlist
You Got
0%
They Got
Avg Score
48%
Avg Friend Score
Upgrade to see
Score Distribution
Jump to the score distribution portion of the page
Score
0/39
Timer
07:00
0
Plays Today
Name
% Correct
Bruno Labbadia
96.1%
Felix Magath
90.6%
Ernst Happel
89.3%
Bruno Labbadia
89.3%
Martin Jol
86.8%
Thomas Doll
83.6%
Rodolfo E. Cardoso
80.5%
Mirko Slomka
80.2%
Thorsten Fink
79.9%
Huub Stevens
78%
Armin Veh
77.4%
Bert van Marwijk
75.2%
Rodolfo E. Cardoso
74.8%
Frank Pagelsdorf
74.2%
Branko Zebec
69.8%
Klaus Toppmöller
69.2%
Josef Zinnbauer
67%
Michael Oenning
64.2%
Peter Knäbel
61%
Kurt Jara
59.1%
Name
% Correct
Frank Arnesen
58.5%
Ricardo Moniz
57.2%
Holger Hieronymus
43.4%
Willi Reimann
42.1%
Benno Möhlmann
37.1%
Kuno Klötzer
36.5%
Aleksandar Ristic
30.8%
Egon Coordes
28.3%
Gerd-Volker Schock
26.4%
Ralf Schehr
23.3%
Arkoc Özcan
22.6%
Rudi Gutendorf
22%
Josip Skoblar
19.5%
Martin Wilke
8.8%
Georg Gawliczek
8.2%
Georg Knöpfle
3.8%
Kurt Koch
3.1%
Klaus-Dieter Ochs
3.1%
Josef Schneider
1.9%
Quiz Playlist
Details
Report
Send in Message
Add To Playlist
More Info:
Name the coaches of the Hamburger SV in the german Bundesliga since 1963 for at least one match. Typing only last names is accepted.
Classic:
Type in answers that appear in a list
Quiz Source
Last Updated: Feb 16, 2017
Quiz Scoreboard
CHALLENGE
Sign Up to Join the Scoreboard
Show All
Scores
Hide
Comments
May contain spoilers
Recently Published
Holiday 10x10 Sorting Gallery
by lukepisani3
Holiday
15m
Two Season TV Shows II
by 123Four
Television
10m
Image Sorting: Flags VI
by Barbecue
Geography
2m
More to Explore
Quiz From the Vault
Featured Blog Post
14 Easter Pick-up Lines to Find Eggs With
hide this ad
You Might Also Like...
Tags
Football Quiz
Soccer Quiz
bundesliga
Football Clubs
Football Coaches
Today's Top Quizzes in Sports
Browse Sports
hide this ad
Today's Top Quizzes in Soccer
Browse Soccer
Top Contributed Quizzes in Sports
1
Les meilleurs buteurs des matchs entre le PSG et l’OM
2
Les entraîneurs de l'OM et du PSG au 21e siècle
3
2022 World Cup Stars
4
Les joueurs passés par le PSG et l'OM
5
Players with Multiple 50 Home Run Seasons
6
FIFA Club World Cup Champions
7
Top 10 NHL Goal Scorers of All Time
8
Les joueurs passés par le LOSC et le RC Lens
9
Criteria MLB: Left Handed Sluggers
10
2023 MLB Unique Player Accomplishments
Explore More
Trending Topics
Anime
Marvel
Crossword
NBA
Kpop
Harry Potter
Disney
Puzzle
The Office
WWE
Country
Pokémon
NFL
Song
Soccer
hide this ad
More By:
MrBrain
Quiz
Plays
Rating
Category
Featured
Created
Germany FIFA world cup opponents
572
4.60
Sports
Jan 6, 2013
Hamburger SV german national team players
163
5.00
Sports
Feb 16, 2013
Hamburger SV coaches
159
Sports
Nov 24, 2012
Teams that beat germany at FIFA world cups
154
3.25
Sports
Jan 6, 2013
German football teams in european cup finals
122
Sports
Dec 22, 2012
Go to Creator's Profile
Score Distribution
Quiz Creator Spotlight
MrBrain
Follow
Send a Message
Quizzes Created
-
Created Quiz Play Count
-
More By This Creator
Popular Quizzes Today
1
Find the US States - No Outlines Minefield
2
Colored Red Africa Blitz
3
Find the 'City' Movie
4
The Countries of the World
5
5x2 Blitz: Bands
6
Find the US States
7
Find the Countries of Europe - No Outlines Minefield
8
US States
More Sports Quizzes
EFL Championship teams by home kit (2019/20)
Quiz Lab
Trending Quizzes
Colored Red Europe Blitz I
Colored Red Europe Blitz II
Colored Red Africa Blitz II
Colored Red Europe Blitz III
Colored Red Africa Blitz III
Recently Updated
Odd Team Out - Big 4 Players
pecheneg
Quick Pick: 20 Twenties
pecheneg
March Madness Men's Triple Doubles
pecheneg
How Do You Spell That?
pecheneg
Godzilla Movies
pecheneg
Grab Bag: 4-10 Letters
pecheneg
2024 March Madness Bracket
pecheneg
Famous TV Couples
Peacemaker
Champions League XIs: Real Madrid
pecheneg
Largest US Cities 1790-2010
pecheneg
Trending Topics
Anime
Crossword
Disney
NBA
Kpop
Marvel
Harry Potter
The Office
Song
Soccer
Pokémon
Puzzle
WWE
Country
NFL
Your Account Isn't Verified!
In order to create a playlist on Sporcle, you need to verify the email address you used during registration. Go to your
Sporcle Settings
to finish the process.
Report this User
Report this user for behavior that violates our
Community Guidelines
.
Details:
Send Report
Go to the Sporcle.com Mobile Site →
Comments